|
|
|
|
| LEADER |
00976nam a2200301 a 4500 |
| 001 |
000480969 |
| 003 |
CZ BrMZK |
| 005 |
20081216120608.0 |
| 007 |
ta |
| 008 |
010907s2000 xr cze d |
| 015 |
|
|
|a cnb000966956
|
| 020 |
|
|
|a 80-242-0280-8
|
| 035 |
|
|
|a (OCoLC)45022993
|
| 040 |
|
|
|a BOA001
|b cze
|
| 072 |
|
7 |
|a 821.111-3
|x Anglická próza, anglicky psaná
|2 Konspekt
|9 25
|
| 080 |
|
|
|a 821.111-31
|2 MRF
|
| 080 |
|
|
|a (0:82-31)
|2 MRF
|
| 100 |
1 |
|
|a Evans, Nicholas,
|d 1950-2022
|7 xx0009703
|4 aut
|
| 245 |
1 |
0 |
|a Vlci /
|c Nicholas Evans ; [z angličtiny přeložil Richard Podaný]
|
| 250 |
|
|
|a Vyd. 1.
|
| 260 |
|
|
|a Praha :
|b Knižní klub,
|c 2000
|
| 300 |
|
|
|a 492 s. ;
|c 21 cm
|
| 655 |
|
7 |
|a anglické romány
|7 fd131814
|2 czenas
|
| 700 |
1 |
|
|a Podaný, Richard,
|d 1895-
|7 jk01100173
|4 trl
|
| 765 |
0 |
|
|t <<The >>loop
|
| 910 |
|
|
|a BOA001
|b 2-1073.287
|
| 990 |
|
|
|a BK
|
| 996 |
6 |
|
|b 2610115789
|c 2-1073.287
|l MZK
|r Sklad / do 1 hodiny
|n 6
|p p.v.
|w 000480969
|u 000010
|a 1
|e BOA001
|j MZK50
|s P
|